Mughlon Ka Dor e Hakomat Aur Un Ka Zawaal (Record no. 325929)

000 -LEADER
fixed length control field 00246 a2200097 4500
001 - CONTROL NUMBER
control field 90856
082 ## - DEWEY DECIMAL CLASSIFICATION NUMBER
Classification number 954.025 MUH
090 ## - LOCALLY ASSIGNED LC-TYPE CALL NUMBER (OCLC); LOCAL CALL NUMBER (RLIN)
-- 43028
-- 43028
100 ## - MAIN ENTRY--PERSONAL NAME
Personal name Muhammad Zahid Malik
245 ## - TITLE STATEMENT
Title Mughlon Ka Dor e Hakomat Aur Un Ka Zawaal
Statement of responsibility, etc. Muhammad Zahid Malik
942 ## - ADDED ENTRY ELEMENTS (KOHA)
Call number prefix 954.025 MUH
Holdings
Withdrawn status Lost status Damaged status Not for loan Collection code Permanent Location Current Location Date acquired Total Checkouts Full call number Barcode Date last seen Price effective from Koha item type
          College of Aeronautical Engineering (CAE) College of Aeronautical Engineering (CAE) 04/03/2017   954.025 MUH CAE87875 04/05/2017 04/05/2017 Book
© 2023 Central Library, National University of Sciences and Technology. All Rights Reserved.